LIBRARY & INFORMATION CENTRE, KCAET, TAVANUR

ONLINE PUBLIC ACCESS CATALOGUE (OPAC)

Engineering graphics Part l,ll / (Record no. 10948)

MARC details
000 -LEADER
fixed length control field 00628cam a2200265ua 4500
041 ## - LANGUAGE CODE
Language code of text/sound track or separate title eng
082 ## - DEWEY DECIMAL CLASSIFICATION NUMBER
Classification number 604.2
Item number JOH/EN
100 ## - MAIN ENTRY--AUTHOR NAME
Personal name John, K C .
245 ## - TITLE STATEMENT
Title Engineering graphics Part l,ll /
250 ## - EDITION STATEMENT
Edition statement 5 /
260 ## - PUBLICATION, DISTRIBUTION, ETC. (IMPRINT)
Place of publication Trichur :
Name of publisher Jovast publishers ,
Year of publication 1993.
300 ## - PHYSICAL DESCRIPTION
Number of Pages 260 ; .
500 ## - GENERAL NOTE
General note *CSS
700 1# - ADDED ENTRY--PERSONAL NAME
Personal name Varghese, P I .
942 ## - ADDED ENTRY ELEMENTS (KOHA)
Koha item type Books
Holdings
Withdrawn status Lost status Damaged status Home library Current library Date acquired Full call number Accession Number Koha item type Shelving location
      KAUAET   07/04/2012 604.2 19235 Books  
      KAUAET KAUAET 31/08/2018 604.2 JOH/EN 17948 Books Scheme
      KAUAET KAUAET 31/08/2018 604.2 JOH/EN 18168 Books Scheme
      KAUAET KAUAET 31/08/2018 604.2 JOH/EN 17949 Books Scheme
      KAUAET KAUAET 31/08/2018 604.2 JOH/EN 18169 Books Scheme
      KAUAET KAUAET 31/08/2018 604.2 JOH/EN 18167 Books Scheme
free website counter